Negotiation/ (Record no. 209145)

MARC details
000 -LEADER
fixed length control field 00691nam a22002177a 4500
005 - DATE AND TIME OF LATEST TRANSACTION
control field 20250218105559.0
010 ## - LCCN (DPL NO)
LC control number ENG-143829
020 ## - INTERNATIONAL STANDARD BOOK NUMBER
International Standard Book Number 9789364445085
Terms of availability 1150.00
035 ## - SYSTEM CONTROL NUMBER
System control number EN-127361
037 ## - SOURCE OF ACQUISITION
Source of stock number/acquisition Delivery Books Act Division
082 ## - DEWEY DECIMAL CLASSIFICATION NUMBER
Edition number 8
Classification number 302.3
100 ## - MAIN ENTRY--PERSONAL NAME
Personal name Lewicki, Roy J.
245 ## - TITLE STATEMENT
Title Negotiation/
Statement of responsibility, etc by Roy J. Lewicki; Bruce Barry [and] David M. Saunders
250 ## - EDITION STATEMENT
Edition statement 8
260 ## - PUBLICATION, DISTRIBUTION, ETC. (IMPRINT)
Place of publication, distribution, etc Chennai
Name of publisher, distributor, etc McGraw Hill
Date of publication, distribution, etc 2025
270 ## - ADDRESS
Address 5/90 A, Butt Road, St. Thomas Mount
City Chennai
Postal code 600016
300 ## - PHYSICAL DESCRIPTION
Extent xvii,685p.
Dimensions 24cm(pb)
700 ## - ADDED ENTRY--PERSONAL NAME
Personal name Barry, Bruce
Relator term Author
9 (RLIN) 77704
700 ## - ADDED ENTRY--PERSONAL NAME
Personal name Saunders, David M.
Relator term Author
9 (RLIN) 77705
942 ## - ADDED ENTRY ELEMENTS (KOHA)
Source of classification or shelving scheme Dewey Decimal Classification
Item type English Books
Classification part 302.3
Call number suffix LEW
Holdings
Withdrawn status Lost status Not for loan Collection code Home library Current library Date acquired Source of acquisition Cost, normal purchase price Full call number Barcode Copy number Cost, replacement price Koha item type
      Non-fiction Central Library Central Library 18/02/2025 Delivery of Books Act Division 1150.00 302.3 LEW EN-127361 1 1150.00 English Books

© Delhi Public Library
Hit Counter
free hit counter